000 02152nam0a2200373 4500
001 RU\NLR\bibl\1669218
005 20260408080822.0
010 _a978-5-87817-072-7
_9600
021 _aRU
_b2010-56525
_93706
035 _a(NLR Aleph) 001660485
090 _a978469
_c978469
100 _a20100901d2010 |||y0rusy50 ca
101 0 _arus
102 _aRU
105 _aa |||||||||
200 1 _aЭкстремизм: социальные, правовые и криминологические проблемы
_e[материалы Всероссийской научно-практической конференции "Экстремизм, его причины и проблемы борьбы с ним", 4-5 февраля 2010 г., Москва
_fредкол.: А.И. Долгова, д.ю.н., проф., Засл. юрист РСФСР (отв. ред.) и др.]
210 _aМосква
_cРоссийская криминологическая ассоциация
_d2010
215 _a529 с.
_cил.
_d21
300 _aВ надзаг.: Акад. Ген. прокуратуры Рос. Федерации, Рос. криминол. ассоц.
320 _aБиблиогр. в подстроч. прим.
606 1 _aЭкстремизм
_jСъезды, совещания и т.п.
_yРоссийская Федерация
_92403136
_3RU\NLR\auth\661432344
686 _aФ3(2)12я431
686 _aХ628.111.121.1я431
686 _aХ628.322.112.11я431
686 _aС550.73я431
702 1 _aДолгова
_bА. И.
_gАзалия Ивановна
_4340
711 1 2 _a"Экстремизм, его причины и проблемы борьбы с ним", всероссийская научно-практическая конференция
_eМосква
_f2010
_9819632
_3RU\NLR\AUTH\8810161856
712 0 2 _4570
_aАкадемия Генеральной прокуратуры Российской Федерации
_9706155
_3RU\NLR\AUTH\8810102765
801 0 _aRU
_bNLR
_c20100901
_gRCR
801 1 _aRU
_bNLR
_c20100901
830 _aред. по э.к.
942 _cBOOK
980 _aNB